|
|
|
|
| LEADER |
00000nam0a2200000 4500 |
| 001 |
151383 |
| 005 |
20231031150626.0 |
| 035 |
|
|
|a (RuTPU)RU\TPU\book\164127
|
| 090 |
|
|
|a 151383
|
| 100 |
|
|
|a 20090122d1978 m y0rusy50 ca
|
| 101 |
0 |
|
|a rus
|
| 102 |
|
|
|a RU
|
| 105 |
|
|
|a a z 000zb
|
| 200 |
1 |
|
|a И. В. Курчатов
|f И. Н. Головин
|
| 205 |
|
|
|a 3-е изд., перераб. и доп.
|
| 210 |
|
|
|a Москва
|c Атомиздат
|d 1978
|
| 215 |
|
|
|a 136 с.
|c ил.
|
| 600 |
|
1 |
|a Курчатов
|g Игорь Васильевич
|b И. В.
|c российский физик
|c академик АН СССР
|f 1902/1903-1960
|2 stltpush
|3 (RuTPU)RU\TPU\pers\1083
|
| 610 |
1 |
|
|a физическая наука
|
| 610 |
1 |
|
|a СССР
|
| 610 |
1 |
|
|a история
|
| 610 |
1 |
|
|a ядерная физика
|
| 675 |
|
|
|a 53
|v 3
|
| 675 |
|
|
|a 539
|v 3
|
| 700 |
|
1 |
|a Головин
|b И. Н.
|g Игорь Николаевич
|
| 801 |
|
1 |
|a RU
|b 63413507
|c 20090122
|g PSBO
|
| 801 |
|
2 |
|a RU
|b 63413507
|c 20090701
|g PSBO
|
| 942 |
|
|
|c BK
|